MARC

LEADER 00000nam0a2200000 4500
001 261587
005 20231101233558.0
010 |a 5283014851 
020 |a RU  |b 88-46393 
035 |a (RuTPU)RU\TPU\book\284568 
090 |a 261587 
100 |a 20140524d1988 k y0rusy5003 ca 
101 0 |a rus 
102 |a RU 
105 |a a z 001zy 
200 1 |a Микропроцессоры и однокристальные микроЭВМ: номенклатура и функциональные возможности  |f А. С. Басманов, Ю. Ф. Широков  |g под ред. В. Г. Домрачева 
210 |a Москва  |c Энергоатомиздат  |d 1988 
215 |a 128 с.  |c ил. 
225 1 |a Микропроцессорные БИС и их применение 
320 |a Библиогр.: с. 127-128 (24 назв.) 
606 1 |a Вычислительные машины электронные  |x Процессоры  |2 stltpush  |3 (RuTPU)RU\TPU\subj\4086  |9 32394 
610 1 |a микропроцессорные системы 
610 1 |a микро-ЭВМ 
610 1 |a однокристальные микро-ЭВМ 
610 1 |a номенклатура 
610 1 |a программирование 
675 |a 681.325.5  |z rus  |v 3 
700 1 |a Басманов  |b А. С.  |g Александр Сергеевич  |4 070 
701 1 |a Широков  |b Ю. Ф.  |g Юрий Филаретович  |4 070 
702 1 |a Домрачев  |b В. Г.  |4 340 
801 0 |a RU  |b RuMRKP  |c 19950417  |g psbo 
801 1 |a RU  |b 63413507  |c 20140524 
801 2 |a RU  |b 63413507  |c 20160606  |g RCR 
942 |c BK